Tratado de Derecho Hipotecario alemán (Record no. 113249)

MARC details
000 -LEADER
campo de control de longitud fija 00942nam a2200229 4500
001 - NÚMERO DE CONTROL
campo de control 113249
003 - IDENTIFICADOR DE NÚMERO DE CONTROL
campo de control ES-MaACL
005 - FECHA Y HORA DE LA ÚLTIMA TRANSACCIÓN
campo de control 20250905123715.0
007 - CAMPO FIJO DE DESCRIPCIÓN FÍSICA--INFORMACIÓN GENERAL
campo de control de longitud fija t|
008 - DATOS DE LONGITUD FIJA--INFORMACIÓN GENERAL
campo de control de longitud fija 061121s1929 sp r ||||1| spa d
100 1# - ENTRADA PRINCIPAL--NOMBRE DE PERSONA
Nombre de persona Nussbaum, Arthur.
9 (RLIN) 86245
245 10 - MENCIÓN DEL TÍTULO
Título Tratado de Derecho Hipotecario alemán
Resto del título : con una introducción sobre los principios generales del registro inmobiliario /
Mención de responsabilidad, etc. Arthur Nussbaum ; traducido de la segunda edición alemana y prólogo por W. Roces ; preliminar por Rafael Atard.
250 ## - MENCION DE EDICION
Mención de edición 1ª ed.
260 ## - PUBLICACIÓN, DISTRIBUCIÓN, ETC.
Lugar de publicación, distribución, etc. Madrid :
Nombre del editor, distribuidor, etc. [s. n.],
Fecha de publicación, distribución, etc. 1929 (
Fabricante Imp. Helénica)
300 ## - DESCRIPCIÓN FÍSICA
Extensión XL, 380 p. ;
Dimensiones 23 x 15 cm.
490 1# - MENCIÓN DE SERIE
Mención de serie Biblioteca de la revista de derecho privado. Serie B ;
Designación de volumen o secuencia 9
700 1# - ENTRADA AGREGADA--NOMBRE PERSONAL
Nombre de persona Roces, Wenceslao,
Fechas asociadas al nombre 1897-1992
9 (RLIN) 98039
700 1# - ENTRADA AGREGADA--NOMBRE PERSONAL
Nombre de persona Atard y González, Rafael.
9 (RLIN) 23721
830 00 - PUNTO DE ACCESO ADICIONAL DE SERIE-TÍTULO UNIFORME
Título uniforme Biblioteca de la Revista de derecho privado
Designación de volumen o secuencia 9
9 (RLIN) 182876
852 ## - LOCALIZACIÓN
Ubicación ES-MaACL
Número de control de estantería B-538
Holdings
Estatus retirado Estado de pérdida Estado de daño No para préstamo Biblioteca de origen Biblioteca actual Ubicación en estantería Fecha de adquisición Fuente de adquisición Total de préstamos Signatura topográfica completa Código de barras Visto por última vez Precio de reemplazo Tipo de ítem Koha
        Biblioteca del Ateneo de Madrid Biblioteca del Ateneo de Madrid Sala Pardo Bazán 17/01/2008     B-538 1118122 23/02/2023 23/02/2023 Libro impreso